Normal view
MARC view
- عبيدات، سليمان/م مشارك محمود علي سالم
Entry Personal Name
001 - CONTROL NUMBER
- control field: 43973
003 - CONTROL NUMBER IDENTIFIER
- control field: JO-AjAnu
005 - DATE AND TIME OF LATEST TRANSACTION
- control field: 20230606081302.0
008 - FIXED-LENGTH DATA ELEMENTS
- fixed length control field: 230606|| aca||aabn | a|a d
040 ## - CATALOGING SOURCE
- Original cataloging agency: JO-AjAnu
- Transcribing agency: JO-AjAnu
100 ## - HEADING--PERSONAL NAME
- Personal name: عبيدات، سليمان/م مشارك محمود علي سالم
670 ## - SOURCE DATA FOUND
- Source citation: Work cat.: (JO-AjAnu)22515: عبيدات، سليمان/م مشارك محمود علي سالم , author, ادارة العمليات الانتاجية